[Event "13th EICC"]
[Site "Plovdiv BUL"]
[Date "2012.03.21"]
[Round "2.53"]
[White "L'Ami, Erwin"]
[Black "Holzke, Frank"]
[Result "1/2-1/2"]
[WhiteTitle "GM"]
[BlackTitle "GM"]
[WhiteElo "2611"]
[BlackElo "2508"]
[WhiteFideId "1007998"]
[BlackFideId "4600428"]
[EventDate "2012.03.20"]
[EventType "swiss"]

1. d4 d5 2. c4 c6 3. Nf3 Nf6 4. Nc3 dxc4 5. a4 Bf5 6. e3 e6 7. Bxc4 Bb4 8. O-O
O-O 9. Qe2 Nbd7 10. e4 Bg6 11. Bd3 Bh5 12. e5 Nd5 13. Nxd5 cxd5 14. Qe3 Re8 15.
Bd2 Bxd2 16. Nxd2 Nb8 17. b4 Bg6 18. Bb5 Re7 19. a5 Rc7 20. Rfc1 Bc2 21. Nc4
dxc4 22. Rxc2 Na6 23. Qc3 Rac8 24. Ba4 Nb8 25. b5 Rd7 26. Rd2 Rd5 27. Rb1 Nd7
28. Rdd1 Nf8 29. Bc2 Ng6 30. Be4 Ne7 31. b6 axb6 32. Rxb6 Qd7 33. h3 g6 34. Rb4
Rxa5 35. Rxb7 Nd5 36. Qxa5 Qxb7 37. Rb1 Qc7 38. Qxc7 Rxc7 39. Bxd5 exd5 40. Kf1
Kf8 41. Ke2 Ke7 42. Rb5 Ke6 43. Rb6+ Ke7 44. Ke3 Ra7 45. Rd6 Rd7 46. Rc6 Ra7 47.
Rd6 Rd7 48. Rc6 Ra7 49. Rd6 1/2-1/2

[Event "13th EICC"]
[Site "Plovdiv BUL"]
[Date "2012.03.21"]
[Round "2.55"]
[White "Sjugirov, Sanan"]
[Black "Gallagher, Joseph G."]
[Result "1-0"]
[WhiteTitle "GM"]
[BlackTitle "GM"]
[WhiteElo "2610"]
[BlackElo "2502"]
[WhiteFideId "4189302"]
[BlackFideId "1303422"]
[EventDate "2012.03.20"]
[EventType "swiss"]

1. e4 c5 2. Nf3 d6 3. d4 cxd4 4. Nxd4 Nf6 5. Nc3 a6 6. Bg5 Nbd7 7. f4 Qc7 8. Qf3
h6 9. Bxf6 Nxf6 10. f5 e5 11. fxe6 fxe6 12. O-O-O Bd7 13. g3 O-O-O 14. h4 Kb8
15. Bh3 Re8 16. Kb1 Bc8 17. Nce2 d5 18. exd5 exd5 19. Bxc8 Rxc8 20. Nf4 Bd6 21.
Rhf1 Bxf4 22. Qxf4 Qxf4 23. Rxf4 Ne4 24. g4 Rhf8 25. Rf5 g6 26. Rxd5 Nf2 27. Rg1
Nxg4 28. c3 h5 29. Rd6 Rf2 30. Rxg6 Rh2 31. Re1 Rf8 32. a4 Rff2 33. Rb6 Ka7 34.
a5 Rf7 35. Rd6 Nf2 36. Nb3 Rxh4 37. Re8 Re4 38. Rh8 Ng4 39. Rdd8 Re1+ 40. Ka2 b6
41. Ra8+ Kb7 42. Rhb8+ Kc6 43. Rxb6+ Kd5 44. Rd8+ 1-0

[Event "13th EICC"]
[Site "Plovdiv BUL"]
[Date "2012.03.21"]
[Round "2.56"]
[White "Edouard, Romain"]
[Black "Pancevski, Filip"]
[Result "0-1"]
[WhiteTitle "GM"]
[BlackTitle "IM"]
[WhiteElo "2607"]
[BlackElo "2470"]
[WhiteFideId "633429"]
[BlackFideId "15002187"]
[EventDate "2012.03.20"]
[EventType "swiss"]

1. d4 Nf6 2. c4 d6 3. Nc3 g6 4. e4 Bg7 5. f3 O-O 6. Be3 Nc6 7. Nge2 a6 8. Qd2
Rb8 9. Rc1 Bd7 10. Nd1 Ne8 11. Nf2 e5 12. d5 Ne7 13. g3 c5 14. Bg2 f5 15. O-O
fxe4 16. fxe4 Nf6 17. b4 b6 18. h3 h5 19. Rb1 Kh7 20. Rb3 Neg8 21. Rfb1 Ra8 22.
bxc5 bxc5 23. Rb6 Bc8 24. Nc3 Bh6 25. Na4 Ra7 26. Rb8 Nd7 27. R8b2 h4 28. g4
Bxe3 29. Qxe3 Nh6 30. Nd3 Nf7 31. Nb6 Nxb6 32. Rxb6 Kg7 33. Rb8 Qe7 34. Ne1 Ng5
35. R1b6 Rc7 36. Ra8 Qf6 37. Nd3 Qd8 38. Rbb8 Qf6 39. Nb2 Qf4 40. Qxf4 exf4 41.
e5 dxe5 42. d6 Rd7 43. Rxc8 Rxc8 44. Rxc8 Rxd6 45. Rxc5 Rd2 46. Rxe5 Kf6 47.
Rxg5 Kxg5 48. Na4 Rxa2 49. Nc3 Rc2 50. Ne4+ Kh6 51. Bf1 a5 52. Nc5 Ra2 53. Ne4
a4 54. Nc3 Ra1 55. Kf2 a3 56. Be2 Rc1 57. Na2 Rc2 58. Nb4 Rb2 59. Nd3 Rxe2+ 0-1

[Event "13th EICC"]
[Site "Plovdiv BUL"]
[Date "2012.03.21"]
[Round "2.58"]
[White "Stocek, Jiri"]
[Black "Klein, David"]
[Result "1/2-1/2"]
[WhiteTitle "GM"]
[BlackTitle "FM"]
[WhiteElo "2606"]
[BlackElo "2418"]
[WhiteFideId "304760"]
[BlackFideId "1003623"]
[EventDate "2012.03.20"]
[EventType "swiss"]

1. d4 Nf6 2. c4 e6 3. Nf3 d5 4. Nc3 dxc4 5. e4 Bb4 6. Qc2 b5 7. a4 c6 8. Be2 Bb7
9. O-O a6 10. Bg5 Nbd7 11. e5 h6 12. exf6 hxg5 13. fxg7 Rg8 14. Qh7 Nf6 15. Qh6
Qe7 16. Nxg5 O-O-O 17. Bf3 Rxd4 18. axb5 cxb5 19. Bxb7+ Kxb7 20. Rfe1 Ng4 21.
Qh7 Nf6 22. Qh6 Ng4 23. Qh3 Qf6 24. Nge4 Qxg7 25. Qf3 Kb8 26. Rxa6 Ne5 27. Qg3
Qh8 28. Ng5 Bxc3 29. bxc3 Rd5 30. Qe3 Qxh2+ 31. Kf1 Qh1+ 32. Ke2 Qh5+ 33. Nf3
Nxf3 34. Qb6+ Kc8 35. Ra8+ Kd7 36. Ra7+ Ke8 37. gxf3 Qe5+ 38. Qe3 Qxe3+ 39. Kxe3
Re5+ 40. Kd2 Rxe1 41. Kxe1 Rg5 42. Rb7 Kf8 43. Kd2 Re5 44. f4 Rd5+ 45. Ke3 Kg7
46. Ke4 Kg6 47. Ke3 f6 48. Ke4 f5+ 49. Kf3 Rd3+ 50. Ke2 Rxc3 51. Rxb5 Kf7 52.
Rb7+ Ke8 53. Ra7 Kd8 54. f3 Rb3 55. Ra4 Rc3 56. Kd2 Rxf3 57. Rxc4 Ke7 58. Ke2
Rb3 59. Rc6 Rb4 60. Ke3 Rb3+ 61. Ke2 Kd7 62. Ra6 Rc3 63. Kf2 Rc6 64. Ra3 Rc4 65.
Kf3 Kd6 1/2-1/2

[Event "13th EICC"]
[Site "Plovdiv BUL"]
[Date "2012.03.21"]
[Round "2.59"]
[White "Popov, Ivan RUS"]
[Black "Ovod, Evgenija"]
[Result "1-0"]
[WhiteTitle "GM"]
[BlackTitle "IM"]
[WhiteElo "2605"]
[BlackElo "2408"]
[WhiteFideId "4170350"]
[BlackFideId "4131827"]
[EventDate "2012.03.20"]
[EventType "swiss"]

1. e4 e5 2. Nf3 Nc6 3. Bb5 Nf6 4. O-O Bc5 5. Nxe5 Nxe5 6. d4 Nxe4 7. dxc5 Qe7 8.
b4 c6 9. Bd3 Nxd3 10. cxd3 Qf6 11. Qb3 Ng5 12. Bb2 Qf5 13. Re1+ Ne6 14. Bxg7 Rg8
15. Be5 d5 16. cxd6 Bd7 17. Bg3 O-O-O 18. Nd2 Rg4 19. Re4 h5 20. Rae1 h4 21.
Rxg4 Qxg4 22. Re4 Qg5 23. Nf3 Qg7 24. Bxh4 Rg8 25. g3 Qh6 26. Qa3 Kb8 27. Ne5
Bc8 28. d7 f5 29. dxc8=Q+ Kxc8 30. Qxa7 Kc7 31. Qa5+ Kb8 32. Nxc6+ bxc6 33. Qb6+ 1-0

[Event "13th EICC"]
[Site "Plovdiv BUL"]
[Date "2012.03.21"]
[Round "2.60"]
[White "Laurusas, Tomas"]
[Black "Rakhmanov, Aleksandr"]
[Result "0-1"]
[BlackTitle "GM"]
[WhiteElo "2360"]
[BlackElo "2602"]
[WhiteFideId "12803731"]
[BlackFideId "4173708"]
[EventDate "2012.03.20"]
[EventType "swiss"]

1. c4 e5 2. Nc3 Nc6 3. Nf3 g6 4. d4 exd4 5. Nd5 Bg7 6. Bg5 Nce7 7. Nxd4 c6 8.
Nc3 Nf6 9. e4 Qa5 10. Qd2 O-O 11. Nb3 Qb4 12. O-O-O d5 13. cxd5 cxd5 14. e5 Nd7
15. f4 f6 16. Bh4 Nxe5 17. Bf2 Bh6 18. g3 b6 19. Bg2 Bf5 20. Bxd5+ Nxd5 21.
Qxd5+ Kh8 22. Rd4 Qe7 23. Rhd1 Rac8 24. Qd6 Qf7 25. Qd5 Qe7 26. Qd6 Qb7 27. Be1
Qa6 28. a3 Qe2 29. R4d2 Qe4 30. Nc5 Qc4 31. fxe5 Rxc5 32. Bf2 Qa2 33. Qxc5 Qa1+ 0-1

[Event "13th EICC"]
[Site "Plovdiv BUL"]
[Date "2012.03.21"]
[Round "2.62"]
[White "Kotronias, Vasilios"]
[Black "Lomsadze, Davit"]
[Result "1/2-1/2"]
[WhiteTitle "GM"]
[WhiteElo "2597"]
[BlackElo "2338"]
[WhiteFideId "5900212"]
[BlackFideId "13603450"]
[EventDate "2012.03.20"]
[EventType "swiss"]

1. e4 e5 2. Nf3 Nc6 3. Bb5 a6 4. Ba4 d6 5. c3 Bd7 6. d4 g6 7. O-O Bg7 8. h3 Nf6
9. Re1 O-O 10. Nbd2 Nh5 11. Nf1 Kh8 12. g4 Nf4 13. Bxf4 exf4 14. Bc2 f5 15. exf5
gxf5 16. Bxf5 Bxf5 17. gxf5 Qd7 18. Qe2 Rg8 19. Kh1 Rae8 20. Qd3 Rxe1 21. Rxe1
Bxd4 22. N1h2 Bxf2 23. Re6 Nd8 24. Re2 Be3 25. c4 Rg3 26. Rg2 Rxg2 27. Kxg2 Qg7+
28. Ng4 Qxb2+ 29. Kf1 Qa1+ 30. Kg2 Qxa2+ 31. Kh1 Qa1+ 32. Kh2 Qb2+ 33. Kh1 Qc1+
34. Kh2 h5 35. Nge5 Qb2+ 36. Kh1 Qc1+ 37. Kh2 Nc6 38. Nxc6 Qb2+ 39. Kh1 Qc1+ 40.
Kh2 Qb2+ 41. Kh1 bxc6 42. Qe4 Qa1+ 43. Kh2 1/2-1/2

[Event "13th EICC"]
[Site "Plovdiv BUL"]
[Date "2012.03.21"]
[Round "2.63"]
[White "Sedlak, Nikola"]
[Black "Bulmaga, Irina"]
[Result "1-0"]
[WhiteTitle "GM"]
[BlackTitle "WIM"]
[WhiteElo "2593"]
[BlackElo "2307"]
[WhiteFideId "922900"]
[BlackFideId "13903063"]
[EventDate "2012.03.20"]
[EventType "swiss"]

1. e4 c6 2. Nc3 d5 3. Qe2 d4 4. Nd1 e5 5. g3 Nf6 6. Bg2 Bd6 7. d3 c5 8. Nf3 Bg4
9. h3 Bxf3 10. Bxf3 Nc6 11. O-O h6 12. h4 Qd7 13. Bg2 O-O-O 14. f4 Kb8 15. Nf2
g6 16. f5 gxf5 17. exf5 e4 18. Nxe4 Nxe4 19. Qxe4 Bxg3 20. Bf4+ Bxf4 21. Qxf4+
Ka8 22. a3 h5 23. f6 Rhg8 24. Rae1 Rg4 25. Qf5 Qd6 26. Re4 Rdg8 27. Rxg4 Rxg4
28. Qc8+ Qb8 29. Qxb8+ Kxb8 30. Rf5 Rxh4 31. Bf3 c4 32. Kg2 c3 33. b3 1-0

[Event "13th EICC"]
[Site "Plovdiv BUL"]
[Date "2012.03.21"]
[Round "2.65"]
[White "Zhigalko, Andrey"]
[Black "Bach, Adrian-Kalman"]
[Result "1-0"]
[WhiteTitle "GM"]
[BlackTitle "FM"]
[WhiteElo "2590"]
[BlackElo "2264"]
[WhiteFideId "13502247"]
[BlackFideId "1201107"]
[EventDate "2012.03.20"]
[EventType "swiss"]

1. c4 e5 2. g3 d6 3. Bg2 Nd7 4. Nc3 g6 5. Nf3 Bg7 6. O-O Ne7 7. d3 O-O 8. Bd2 h6
9. b4 f5 10. Rc1 g5 11. Qb3 g4 12. c5+ Kh8 13. cxd6 cxd6 14. Nh4 Rf6 15. Nb5 Nf8
16. Nc7 Rb8 17. b5 Ne6 18. Nxe6 Bxe6 19. Qa3 Nc8 20. d4 e4 21. f3 f4 22. Bxf4
exf3 23. exf3 Qb6 24. Kh1 Qxb5 25. fxg4 Bxg4 26. Be5 Rxf1+ 27. Rxf1 Qe8 28. Rf8+ 1-0

[Event "13th EICC"]
[Site "Plovdiv BUL"]
[Date "2012.03.21"]
[Round "2.68"]
[White "Xylogiannopoulos, Antonios"]
[Black "Kulaots, Kaido"]
[Result "0-1"]
[BlackTitle "GM"]
[WhiteElo "2104"]
[BlackElo "2585"]
[WhiteFideId "4215133"]
[BlackFideId "4500261"]
[EventDate "2012.03.20"]
[EventType "swiss"]

1. e4 c5 2. Nf3 e6 3. d4 cxd4 4. Nxd4 a6 5. Bd3 Bc5 6. Nb3 Be7 7. Be3 d6 8. f4
Nf6 9. Qf3 Nc6 10. N1d2 Nb4 11. O-O O-O 12. g4 Nd7 13. g5 e5 14. Qh5 exf4 15.
Bxf4 Ne5 16. Bxe5 dxe5 17. Bc4 g6 18. Qe2 b5 19. Bd3 Bxg5 20. Nf3 Bf4 21. Rad1
Bh3 22. Rfe1 Qb6+ 23. Kh1 Rac8 24. c3 Nxd3 25. Rxd3 Be6 26. Qg2 Rfd8 27. Red1
Rxd3 28. Rxd3 Rd8 29. Rxd8+ Qxd8 30. Qc2 Bg4 31. Nbd2 h5 32. b3 h4 33. c4 bxc4
34. bxc4 h3 35. c5 Bxd2 36. Nxd2 Qd4 0-1

[Event "13th EICC"]
[Site "Plovdiv BUL"]
[Date "2012.03.21"]
[Round "2.78"]
[White "Akopian, Vladimir"]
[Black "Gabuzyan, Hovhannes"]
[Result "1/2-1/2"]
[WhiteTitle "GM"]
[BlackTitle "FM"]
[WhiteElo "2684"]
[BlackElo "2441"]
[WhiteFideId "13300032"]
[BlackFideId "13303732"]
[EventDate "2012.03.20"]
[EventType "swiss"]

1. e4 c5 2. Nf3 d6 3. d4 cxd4 4. Nxd4 Nf6 5. Nc3 a6 6. Be3 e5 7. Nf3 Be7 8. Bc4
O-O 9. O-O Be6 10. Bb3 Nc6 11. Bg5 Nd7 12. Bxe7 Qxe7 13. Qd2 Nc5 14. Rad1 Rad8
15. Nd5 Qd7 16. Qe3 h6 17. Rd2 Nxb3 18. axb3 f5 19. exf5 Bxf5 20. h3 Qf7 21. c4
Qh5 22. Nh2 Rf7 23. f4 Be6 24. fxe5 dxe5 25. Nf3 Rdf8 26. Rdf2 Kh8 27. Kh2 b5
28. Nd2 Rxf2 29. Rxf2 Rxf2 30. Qxf2 e4 31. Qf8+ Kh7 32. Qd6 Qe5+ 33. Qxe5 Nxe5
34. Nxe4 bxc4 35. Nc7 Bf5 36. Nd2 cxb3 37. Nxa6 Nd3 38. Nxb3 Nxb2 39. Nd4 Bb1
40. Nc5 Nc4 1/2-1/2

[Event "13th EICC"]
[Site "Plovdiv BUL"]
[Date "2012.03.21"]
[Round "2.79"]
[White "Hunt, Adam C"]
[Black "Berkes, Ferenc"]
[Result "0-1"]
[WhiteTitle "IM"]
[BlackTitle "GM"]
[WhiteElo "2454"]
[BlackElo "2682"]
[WhiteFideId "403970"]
[BlackFideId "718572"]
[EventDate "2012.03.20"]
[EventType "swiss"]

1. d4 Nf6 2. c4 g6 3. Nc3 Bg7 4. e4 d6 5. f3 O-O 6. Be3 c6 7. Qd2 a6 8. Nge2
Nbd7 9. Nc1 b5 10. Be2 bxc4 11. Bxc4 d5 12. Be2 dxe4 13. fxe4 e5 14. O-O exd4
15. Bxd4 Nc5 16. e5 Nfd7 17. Be3 Rb8 18. Bf3 Ne6 19. Nb3 Nxe5 20. Be2 Qh4 21.
Qe1 Qb4 22. Qg3 a5 23. Rab1 a4 24. Nd2 Nd4 25. Rf4 c5 26. Bd1 Bf5 27. Nde4 Nd3
28. Rh4 Bxe4 29. Rxe4 Qxc3 30. bxc3 Rxb1 31. Bc1 Nxc1 32. cxd4 Bxd4+ 33. Kf1
Nxa2 34. Qd3 Nc3 35. Re1 Rd8 36. Qc2 a3 0-1

[Event "13th EICC"]
[Site "Plovdiv BUL"]
[Date "2012.03.21"]
[Round "2.80"]
[White "Sargissian, Gabriel"]
[Black "Hagen, Andreas Skytte"]
[Result "1-0"]
[WhiteTitle "GM"]
[BlackTitle "IM"]
[WhiteElo "2674"]
[BlackElo "2453"]
[WhiteFideId "13300881"]
[BlackFideId "1407341"]
[EventDate "2012.03.20"]
[EventType "swiss"]

1. d4 Nf6 2. c4 g6 3. g3 Bg7 4. Bg2 O-O 5. Nc3 d6 6. Nf3 Nc6 7. O-O a6 8. Re1
Rb8 9. Rb1 e6 10. e4 b5 11. cxb5 axb5 12. b4 Ne7 13. Qc2 Bd7 14. Bb2 Qc8 15. a3
Qb7 16. Nd2 Qb6 17. Nb3 Rfc8 18. Rbd1 Be8 19. e5 Nd7 20. Ne4 Nd5 21. Ng5 h6 22.
Bxd5 exd5 23. Nxf7 Bxf7 24. e6 Nf6 25. exf7+ Kxf7 26. Nc1 Re8 27. Nd3 g5 28.
Ne5+ dxe5 29. dxe5 Nh5 30. e6+ Kg8 31. Qg6 c5 32. Rxd5 Qb7 33. Red1 Re7 34. Rd8+ 1-0

[Event "13th EICC"]
[Site "Plovdiv BUL"]
[Date "2012.03.21"]
[Round "2.81"]
[White "Raznikov, Danny"]
[Black "Georgiev, Kiril"]
[Result "0-1"]
[WhiteTitle "IM"]
[BlackTitle "GM"]
[WhiteElo "2436"]
[BlackElo "2671"]
[WhiteFideId "2811154"]
[BlackFideId "2900017"]
[EventDate "2012.03.20"]
[EventType "swiss"]

1. d4 Nf6 2. c4 e6 3. Nf3 b6 4. g3 Ba6 5. Qa4 Bb7 6. Bg2 c5 7. dxc5 Bxc5 8. Nc3
O-O 9. O-O Be7 10. Rd1 Na6 11. Bf4 Nc5 12. Qc2 Qc8 13. Rd4 d5 14. Rad1 Nce4 15.
Ne5 Bc5 16. Nxe4 Nxe4 17. Bxe4 dxe4 18. R4d2 f6 19. Nd7 e3 20. Nxf8 exd2 21.
Qxh7+ Kf7 22. Qg6+ Kxf8 23. Bh6 gxh6 24. Qxf6+ Ke8 25. Rxd2 Be4 26. Qxh6 Qc6 27.
Qh8+ Kf7 28. Qh5+ Bg6 29. Qe5 Rf8 0-1

[Event "13th EICC"]
[Site "Plovdiv BUL"]
[Date "2012.03.21"]
[Round "2.82"]
[White "Potkin, Vladimir"]
[Black "Pavlidis, Antonios"]
[Result "1/2-1/2"]
[WhiteTitle "GM"]
[BlackTitle "IM"]
[WhiteElo "2669"]
[BlackElo "2431"]
[WhiteFideId "4131061"]
[BlackFideId "4212312"]
[EventDate "2012.03.20"]
[EventType "swiss"]

1. d4 Nf6 2. c4 g6 3. g3 Bg7 4. Bg2 d5 5. cxd5 Nxd5 6. Nf3 Nb6 7. Nc3 Nc6 8. e3
O-O 9. O-O Re8 10. Re1 a5 11. Qc2 a4 12. Rd1 Bf5 13. Qe2 Qd7 14. d5 Na5 15. e4
Bg4 16. Be3 a3 17. Bd4 axb2 18. Qxb2 Nac4 19. Qc1 Bxf3 20. Bxf3 Bxd4 21. Rxd4 e5
22. Rd1 Na4 23. Kg2 Nd6 24. h4 Nxc3 25. Qxc3 Nb5 26. Qb2 Nd4 27. Rxd4 exd4 28.
Qxd4 Ra3 29. h5 Qa4 30. Qf6 Qa6 31. Qg5 h6 32. Qg4 Qf6 33. Rc1 Rxa2 34. hxg6
fxg6 35. Rxc7 Qb6 36. Kh3 Qxc7 37. Qxg6+ Kf8 38. Qf6+ Qf7 39. Qh8+ Qg8 40. Qf6+
Qf7 41. Qh8+ Qg8 42. Qf6+ Qf7 1/2-1/2

[Event "13th EICC"]
[Site "Plovdiv BUL"]
[Date "2012.03.21"]
[Round "2.85"]
[White "Lysyj, Igor"]
[Black "Zueger, Beat"]
[Result "1-0"]
[WhiteTitle "GM"]
[BlackTitle "IM"]
[WhiteElo "2656"]
[BlackElo "2425"]
[WhiteFideId "4150120"]
[BlackFideId "1300067"]
[EventDate "2012.03.20"]
[EventType "swiss"]

1. d4 Nf6 2. Nf3 d6 3. c4 g6 4. Nc3 Bg7 5. h3 Nbd7 6. Bg5 h6 7. Bf4 O-O 8. Qd2
Kh7 9. Rd1 c5 10. d5 a6 11. e4 Qa5 12. a4 Qb4 13. Qc2 b5 14. Nd2 bxa4 15. Ra1
Nb6 16. Be2 Nfd7 17. O-O Rb8 18. Rfb1 Ne5 19. Na2 Qa5 20. Nf1 Na8 21. Bd2 Qd8
22. Nc3 Nb6 23. Nxa4 Nxa4 24. Rxa4 g5 25. Ng3 e6 26. Bc3 Bh8 27. Nh5 Kg8 28. Rf1
Ng6 29. Bxh8 Kxh8 30. Qc3+ e5 31. Ng3 Rb6 32. Rfa1 Nf4 33. b4 cxb4 34. Rxb4 Rxb4
35. Qxb4 Qc7 36. Ra5 Rd8 37. c5 dxc5 38. Rxc5 Qd6 1-0

[Event "13th EICC"]
[Site "Plovdiv BUL"]
[Date "2012.03.21"]
[Round "2.86"]
[White "Fridman, Daniel"]
[Black "Indjic, Aleksandar"]
[Result "1-0"]
[WhiteTitle "GM"]
[WhiteElo "2653"]
[BlackElo "2430"]
[WhiteFideId "11600454"]
[BlackFideId "911925"]
[EventDate "2012.03.20"]
[EventType "swiss"]

1. d4 Nf6 2. Nf3 g6 3. c4 c5 4. d5 d6 5. Nc3 e6 6. h3 exd5 7. cxd5 Bg7 8. Bf4
O-O 9. e3 a6 10. a4 Qe7 11. Be2 Nbd7 12. Nd2 Ne5 13. Bh2 Ne8 14. O-O f5 15. Qc2
Rb8 16. Rfe1 Nf6 17. a5 Bd7 18. Qb3 Kh8 19. Qb6 Be8 20. Bxe5 Qxe5 21. Nc4 Nd7
22. Qxd6 Qxd6 23. Nxd6 Bf7 24. Nxf7+ Rxf7 25. Red1 Rf6 26. d6 Bf8 27. f4 Re6 28.
e4 Bxd6 29. Bc4 Rf6 30. e5 Nxe5 31. fxe5 Bxe5 32. Rd7 Bd4+ 33. Kf1 b5 34. axb6
Rfxb6 35. Re1 R6b7 36. Rxb7 Rxb7 37. Na4 Kg7 38. b3 a5 39. Re6 Ra7 40. Rc6 Re7
41. Nxc5 Bc3 42. Ne6+ Kf6 43. Nf4+ Kg5 44. Nd5 Re1+ 45. Kf2 Rc1 46. Nxc3 Rxc3
47. Bd5 Rd3 48. Bg8 Rd7 49. Ra6 Kf4 50. Rxa5 Rd2+ 51. Kf1 h5 52. Rd5 Rb2 53. Rd3
g5 54. Bf7 h4 55. Rf3+ Ke5 56. Bg6 1-0

[Event "13th EICC"]
[Site "Plovdiv BUL"]
[Date "2012.03.21"]
[Round "2.88"]
[White "Azaladze, Shota"]
[Black "Iordachescu, Viorel"]
[Result "1-0"]
[WhiteTitle "IM"]
[BlackTitle "GM"]
[WhiteElo "2419"]
[BlackElo "2644"]
[WhiteFideId "13603027"]
[BlackFideId "13900200"]
[EventDate "2012.03.20"]
[EventType "swiss"]

1. Nf3 c5 2. c4 Nf6 3. g3 Nc6 4. Bg2 d6 5. O-O g6 6. d4 cxd4 7. Nxd4 Bd7 8. Nc3
Bg7 9. Nxc6 bxc6 10. e4 Qa5 11. Bd2 Rb8 12. b3 Ng4 13. Nd5 Qd8 14. Bc3 Be5 15.
Bxe5 Nxe5 16. Ne3 c5 17. f4 Nc6 18. e5 dxe5 19. Qd5 exf4 20. Rxf4 e6 21. Qxc5
Qe7 22. Qxe7+ Kxe7 23. Ng4 g5 24. Rf2 f5 25. Bxc6 Bxc6 26. Ne5 Be4 27. Re1 Rhc8
28. Rd2 Rb7 29. Ng4 a5 30. Nf2 Bf3 31. Rd3 g4 32. Re5 a4 33. Rde3 Rc6 34. Nd3
axb3 35. axb3 Rxb3 36. Rxe6+ Rxe6 37. Rxe6+ Kf7 38. Rd6 Be4 39. Ne5+ Ke7 40. Rh6
Ra3 41. Kf2 Ra5 42. Rxh7+ Kf6 43. Nd7+ Kg6 44. Re7 Ra2+ 45. Ke3 Bh1 46. Re6+ Kf7
47. Rh6 Kg7 48. Rh4 Rc2 49. Kf4 Rxc4+ 50. Kxf5 Bb7 51. Ne5 Bc8+ 52. Kg5 Rc5 53.
Kf4 Ra5 54. Rh5 Ra4+ 55. Kg5 Ra5 56. Kh4 Be6 57. Rg5+ Kh7 58. Ng6 Ra8 59. Nf4
Bc8 60. Rc5 Kg7 61. Kg5 Kf7 62. Nd5 Be6 63. Rc7+ Kf8 64. Nf4 Bc8 65. Ng6+ Ke8
66. Ne5 Kd8 67. Rc2 Ra5 68. Re2 Rd5 69. Kh4 Rc5 70. Nxg4 Rc4 1-0

[Event "13th EICC"]
[Site "Plovdiv BUL"]
[Date "2012.03.21"]
[Round "2.89"]
[White "Pantev, Veselin"]
[Black "Petrosian, Tigran L."]
[Result "0-1"]
[WhiteTitle "FM"]
[BlackTitle "GM"]
[WhiteElo "2379"]
[BlackElo "2643"]
[WhiteFideId "2901390"]
[BlackFideId "13301616"]
[EventDate "2012.03.20"]
[EventType "swiss"]

1. d4 Nf6 2. Nf3 e6 3. g3 b5 4. Bg2 Bb7 5. O-O c5 6. a4 b4 7. c4 bxc3 8. bxc3
Na6 9. a5 Be7 10. Bg5 O-O 11. Nbd2 Rc8 12. Qb1 Rb8 13. Qc1 cxd4 14. cxd4 Nb4 15.
Bxf6 Bxf6 16. Qc5 Ba6 17. Qxa7 Bxe2 18. Rfc1 Nc6 19. Qc5 Rb5 20. Qc3 Rxa5 21.
Rxa5 Qxa5 22. Qxa5 Nxa5 23. Ne5 d5 24. Nd7 Rd8 25. Nxf6+ gxf6 26. Bf1 Bxf1 27.
Kxf1 Rb8 28. Rc2 Rb4 29. Nf3 Kg7 30. Kg2 Ra4 31. Rb2 Nc6 32. Rd2 Kg6 33. Nh4+
Kh5 34. Rc2 Rc4 35. Rb2 Kh6 36. Rb7 Kg7 37. f4 Nxd4 38. Rd7 Rc2+ 39. Kh3 f5 40.
Ra7 Rf2 41. Ra3 Ne2 0-1

[Event "13th EICC"]
[Site "Plovdiv BUL"]
[Date "2012.03.21"]
[Round "2.90"]
[White "Najer, Evgeniy"]
[Black "Goumas, Georgios"]
[Result "1-0"]
[WhiteTitle "GM"]
[WhiteElo "2640"]
[BlackElo "2398"]
[WhiteFideId "4118987"]
[BlackFideId "4208935"]
[EventDate "2012.03.20"]
[EventType "swiss"]

1. d4 d5 2. c4 e6 3. Nc3 Be7 4. Nf3 Nf6 5. Bg5 h6 6. Bxf6 Bxf6 7. e3 O-O 8. Qc2
c6 9. h4 Nd7 10. g4 g6 11. Qd2 Bg7 12. g5 h5 1-0

[Event "13th EICC"]
[Site "Plovdiv BUL"]
[Date "2012.03.21"]
[Round "2.93"]
[White "Mastrovasilis, Dimitrios"]
[Black "Kanter, Eduard"]
[Result "0-1"]
[WhiteTitle "GM"]
[BlackTitle "IM"]
[WhiteElo "2631"]
[BlackElo "2394"]
[WhiteFideId "4202694"]
[BlackFideId "4103963"]
[EventDate "2012.03.20"]
[EventType "swiss"]

1. e4 c5 2. Nf3 d6 3. d4 cxd4 4. Nxd4 Nf6 5. Nc3 g6 6. Be3 Bg7 7. f3 O-O 8. Qd2
Nc6 9. g4 Be6 10. Nxe6 fxe6 11. O-O-O Ne5 12. Be2 Qa5 13. g5 Nh5 14. f4 Nf7 15.
Bc4 Rac8 16. Bxe6 Rxc3 17. f5 Rc5 18. Bxc5 Qxc5 19. Rhf1 Kh8 20. fxg6 Qe5 21.
Qb4 Qxe6 22. Rxf7 hxg6 23. Rxf8+ Bxf8 24. Kb1 Bg7 25. Qxb7 Qe5 26. Rd3 Kh7 27.
a4 a5 28. h4 Nf4 29. Rf3 d5 30. exd5 Nxd5 31. Rb3 Qe1+ 32. Ka2 Nb4+ 33. Rxb4
axb4 34. a5 Qe6+ 35. Kb1 Qe1+ 36. Ka2 Qe6+ 37. Kb1 Qc4 38. a6 Qf1+ 39. Ka2 Qc4+
40. Kb1 Qd4 41. c3 Qd1+ 42. Ka2 Qa4+ 43. Kb1 b3 44. a7 Qa2+ 45. Kc1 Qa1+ 46. Kd2
Qxb2+ 47. Kd3 Qxc3+ 48. Ke4 Qe1+ 49. Kd3 Qd1+ 50. Ke3 Bd4+ 51. Kf4 Qf1+ 52. Kg4
Qg1+ 53. Kf4 Qe3+ 54. Kg4 Bxa7 0-1

[Event "13th EICC"]
[Site "Plovdiv BUL"]
[Date "2012.03.21"]
[Round "2.95"]
[White "Firat, Burak"]
[Black "Delchev, Aleksander"]
[Result "0-1"]
[WhiteTitle "IM"]
[BlackTitle "GM"]
[WhiteElo "2405"]
[BlackElo "2622"]
[WhiteFideId "6305881"]
[BlackFideId "2900394"]
[EventDate "2012.03.20"]
[EventType "swiss"]

1. e4 e5 2. Nf3 Nc6 3. Bb5 a6 4. Ba4 Nge7 5. O-O g6 6. c3 Bg7 7. d4 exd4 8. cxd4
b5 9. Bc2 d5 10. e5 O-O 11. Nbd2 f6 12. Re1 fxe5 13. dxe5 Qe8 14. h3 Qf7 15. Qe2
h6 16. b3 Nb4 17. Bb1 c5 18. Ba3 Nec6 19. Bb2 d4 20. Ne4 Nxe5 21. Nxe5 Bxe5 22.
Nxc5 Bg7 23. Be4 Ra7 24. a3 Nd5 25. Rad1 Nf4 26. Qd2 Rd8 27. Qa5 Rf8 28. Qd2 Rd8
29. Qa5 Qf6 30. Nd3 Ne6 31. Bxg6 Qxg6 32. Rxe6 Bxe6 33. Qxd8+ Kh7 34. Qb6 Rf7
35. Nc5 Qc2 36. Rf1 Bxh3 37. gxh3 Rf6 38. Qc7 Rg6+ 39. Kh2 Qe2 40. Nd7 Qxf1 41.
Nf8+ Kg8 42. Nxg6 Qxf2+ 43. Kh1 Qe1+ 44. Kh2 Qe2+ 45. Kg3 Qd3+ 46. Kh2 Qe2+ 47.
Kg3 Qe3+ 48. Kg2 Qe4+ 49. Kh2 Qxg6 50. Bxd4 Bf8 51. Qg3 Bd6 52. Be5 Qxg3+ 53.
Bxg3 Bxa3 54. Kg2 Kf7 55. Kf3 Ke6 56. Ke4 a5 57. Be1 a4 58. bxa4 bxa4 59. Bc3 h5
60. Bg7 Kf7 61. Bc3 Kg6 62. Bd2 Bb2 63. Bb4 Kg5 64. Kf3 Kf5 65. Kg3 Bf6 66. Kf3
Bg5 67. Ba3 Ke5 68. Bb4 Kd4 69. Bf8 Kd3 70. Bd6 Bd2 71. Ba3 Kc4 72. Ke2 Bb4 73.
Bc1 Kc3 74. Kd1 Kb3 0-1